Statistiques concernant Les Nathalie célèbres

Cliquez ici pour prendre le quiz!

Statistiques générales

  • Ce quiz a été pris 80 fois
  • Le résultat moyen est 5 sur 16

Statistiques - réponses

Réponse% Correct
Nathalie Baye
84%
Nathalie Arthaud
63%
Nathalie Simon
49%
Nathalie Péchalat
43%
Nathalie Kosciusko-Morizet
37%
Nathalie Marquay
29%
Nathalie Delon
28%
Nathalie Loiseau
23%
Nathalie Sarraute
23%
Nathalie Tauziat
21%
Nathalie Renoux
16%
Nathalie Dechy
12%
Nathalie Rihouet
8%
Nathalie Vincent
7%
Nathalie Levy
5%
Nathalie Roussel
4%

Distribution des résultats

Percentile par nombre de réponses

% des personnes avec chaque résultat

Votre développement - résultats

Vous n’avez pas pris ce quiz